20 Countries on a Topological Map #3 - Statistics

General Stats
  • This quiz has been taken 6,178 times
  • The average score is 16 of 20
Answers on the Map
Answers color-coded by a green-red scale on the quiz's map according to % correct below.
 
Answer Stats
Country % Correct
Russia
96%
Mexico
95%
Argentina
93%
Colombia
89%
Austria
81%
Tunisia
81%
Romania
80%
Burundi
77%
Niger
77%
Yemen
77%
Armenia
76%
Belgium
76%
Kenya
76%
Serbia
76%
Syria
76%
Thailand
74%
Laos
73%
Kyrgyzstan
69%
Guinea-Bissau
66%
Togo
65%
No matching quizzes found
Score Distribution
Percent of People with Each Score
Percentile by Number Answered
Your Score History
You have not taken this quiz